LEADER 02166nam 2200421 n 450 001 996392027303316 005 20200824121658.0 035 $a(CKB)4940000000109781 035 $a(EEBO)2240905372 035 $a(UnM)99865661e 035 $a(UnM)99865661 035 $a(EXLCZ)994940000000109781 100 $a19940223d1651 uy | 101 0 $aeng 135 $aurbn||||a|bb| 200 00$aStrange and terrible news, from Holland, and Yarmouth$b[electronic resource] $eBeing, a perfect relation, concerning the inundation of the south sea; and of its drowning the rich and populous city of Amsterdam; with divers other places in Friesland, Holland, Brabant, and Flanders, and the names of them. Also, the over-flowing of the river of Rhine, and sinking 60 parish churches, and drowning 100000 men, women and children; and how they row in boats near Amsterdam, over the tops of houses. Togethek, [sic] with the breaking in of the sea at Soal (near Yarmouth) drowning a great part of the country and many cattle; also casting many ships upon the land, and forcing others to sea in that storm 210 $aLondon $cPrinted Robert Wood$d1651 215 $a[2], 6 p 300 $aConsists of three letters. The first dated and signed: Amsterdam, March. 10. 1651. G.T.; the second dated and signed: Amsterdam, Feb. 28. 1651. Peter Malbone; the third dated: Yarmouth, March the 6. 1651. 300 $aAnnotation on Thomason copy: "March. 11", the 51 in imprint date crossed out. 300 $aReproduction of the original in the British Library. 330 $aeebo-0018 606 $aFloods$zEurope$vEarly works to 1800 606 $aStorms$zEngland$vEarly works to 1800 607 $aGreat Yarmouth (England)$xHistory$vEarly works to 1800 607 $aAmsterdam (Netherlands)$xHistory$vEarly works to 1800 615 0$aFloods 615 0$aStorms 701 $aMalbone$b Peter$01012374 801 0$bCu-RivES 801 1$bCu-RivES 801 2$bUk-ES 801 2$bCStRLIN 801 2$bWaOLN 906 $aBOOK 912 $a996392027303316 996 $aStrange and terrible news, from Holland, and Yarmouth$92350289 997 $aUNISA